The Blackwell guide to Mill's Utilitarianism / (Record no. 118156)
[ view plain ]
| 000 -LEADER | |
|---|---|
| fixed length control field | 02771cam a22003974a 4500 |
| 001 - CONTROL NUMBER | |
| control field | 13923386 |
| 003 - CONTROL NUMBER IDENTIFIER | |
| control field | ARRUPE |
| 005 - DATE AND TIME OF LATEST TRANSACTION | |
| control field | 20140318020009.0 |
| 008 - FIXED-LENGTH DATA ELEMENTS--GENERAL INFORMATION | |
| fixed length control field | 050407s2006 mau b 001 0 eng |
| 010 ## - LIBRARY OF CONGRESS CONTROL NUMBER | |
| LC control number | 2005009841 |
| 020 ## - INTERNATIONAL STANDARD BOOK NUMBER | |
| International Standard Book Number | 1405119489 (hbk. : alk. paper) |
| 020 ## - INTERNATIONAL STANDARD BOOK NUMBER | |
| International Standard Book Number | 1405119497 (pbk. : alk. paper) |
| 020 ## - INTERNATIONAL STANDARD BOOK NUMBER | |
| International Standard Book Number | 9781405119481 |
| Terms of availability | (hbk. : alk. paper) |
| 020 ## - INTERNATIONAL STANDARD BOOK NUMBER | |
| International Standard Book Number | 9781405119498 |
| Terms of availability | (pbk. : alk. paper) |
| 035 ## - SYSTEM CONTROL NUMBER | |
| System control number | (OCoLC)ocm58986022 |
| 040 ## - CATALOGING SOURCE | |
| Original cataloging agency | DLC |
| Transcribing agency | DLC |
| Modifying agency | DLC |
| 042 ## - AUTHENTICATION CODE | |
| Authentication code | pcc |
| 050 00 - LIBRARY OF CONGRESS CALL NUMBER | |
| Classification number | B1603.U873 |
| Item number | B74 2006 |
| 300 ## - PHYSICAL DESCRIPTION | |
| Dimensions | 26 cm. |
| 100 ## - MAIN ENTRY--PERSONAL NAME | |
| Personal name | West, Henry R. |
| 9 (RLIN) | 1721 |
| 245 04 - TITLE STATEMENT | |
| Title | The Blackwell guide to Mill's Utilitarianism / |
| Statement of responsibility, etc | edited by Henry R. West. |
| 260 ## - PUBLICATION, DISTRIBUTION, ETC. (IMPRINT) | |
| Place of publication, distribution, etc | Malden, MA ; |
| -- | Oxford : |
| Name of publisher, distributor, etc | Blackwell Pub., |
| Date of publication, distribution, etc | c2006. |
| 300 ## - PHYSICAL DESCRIPTION | |
| Extent | ix, 275 p. ; |
| 490 1# - SERIES STATEMENT | |
| Series statement | Blackwell guides to great works ; |
| Volume number/sequential designation | 3 |
| 504 ## - BIBLIOGRAPHY, ETC. NOTE | |
| Bibliography, etc | Includes bibliographical references and index. |
| 505 0# - FORMATTED CONTENTS NOTE | |
| Formatted contents note | Part I : The background of Mill's Utilitarianism -- Mill's life / Susan Leigh Anderson -- Bentham's utilitarianism / Gerald J. Postema -- The place of utilitarianism in Mill's philosophy / John Skorupski -- Part II : The complete text of John Mill's Utilitarianism -- General remarks -- What utilitarianism is -- Of the ultimate sanction of the principle of utility -- Of what sort of proof the principle of utility is susceptible -- On the connection between justice and utility -- Part III : Essays on the text -- Mill's theory of value / Wendy Donner -- Mill's theory of morally correct action / Alan E. Fuchs -- Mill's theory of sanctions / Dale E. Miller -- Mill's "proof" of the principle of utility / Henry R. West -- Mill's theory of rights / L.W. Sumner -- Part IV : Influence and contemporary issues -- Contemporary criticisms of utilitarianism : a response / William H. Shaw -- The scalar approach to utilitarianism / Alastair Norcross -- Right, wrong, and rule-consequentialism / Brad Hooker -- Some implications of utilitarianism for practical ethics : the case against the military response to terrorism / Bart Gruzalski. |
| 600 10 - SUBJECT ADDED ENTRY--PERSONAL NAME | |
| Personal name | Mill, John Stuart, |
| Dates associated with a name | 1806-1873. |
| Title of a work | Utilitarianism. |
| 9 (RLIN) | 1722 |
| 650 #0 - SUBJECT ADDED ENTRY--TOPICAL TERM | |
| Topical term or geographic name as entry element | Utilitarianism. |
| 9 (RLIN) | 1723 |
| 700 1# - ADDED ENTRY--PERSONAL NAME | |
| Personal name | West, Henry R., |
| Dates associated with a name | 1933- |
| 9 (RLIN) | 1724 |
| 830 #0 - SERIES ADDED ENTRY--UNIFORM TITLE | |
| Uniform title | Blackwell guides to great works. |
| 9 (RLIN) | 1725 |
| 856 41 - ELECTRONIC LOCATION AND ACCESS | |
| Materials specified | Table of contents |
| Uniform Resource Identifier | <a href="http://www.loc.gov/catdir/toc/ecip0510/2005009841.html">http://www.loc.gov/catdir/toc/ecip0510/2005009841.html</a> |
| 856 42 - ELECTRONIC LOCATION AND ACCESS | |
| Materials specified | Contributor biographical information |
| Uniform Resource Identifier | <a href="http://www.loc.gov/catdir/enhancements/fy0802/2005009841-b.html">http://www.loc.gov/catdir/enhancements/fy0802/2005009841-b.html</a> |
| 856 42 - ELECTRONIC LOCATION AND ACCESS | |
| Materials specified | Publisher description |
| Uniform Resource Identifier | <a href="http://www.loc.gov/catdir/enhancements/fy0802/2005009841-d.html">http://www.loc.gov/catdir/enhancements/fy0802/2005009841-d.html</a> |
| 906 ## - LOCAL DATA ELEMENT F, LDF (RLIN) | |
| a | 7 |
| b | cbc |
| c | orignew |
| d | 1 |
| e | ecip |
| f | 20 |
| g | y-gencatlg |
| 942 ## - ADDED ENTRY ELEMENTS (KOHA) | |
| Source of classification or shelving scheme | Library of Congress Classification |
| Koha item type | Monograph ( Printed materials) |
| Koha issues (borrowed), all copies | 2 |
| Withdrawn status | Lost status | Source of classification or shelving scheme | Damaged status | Not for loan | Collection code | Home library | Current library | Shelving location | Date acquired | Total Checkouts | Full call number | Barcode | Date last seen | Date checked out | Price effective from | Koha item type |
|---|---|---|---|---|---|---|---|---|---|---|---|---|---|---|---|---|
| Library of Congress Classification | Main Collection | ARRUPE LIBRARY | ARRUPE LIBRARY | Main Collection | 30/09/2013 | 4 | B1603.U873 B74 2006 | 46411062 | 16/04/2018 | 28/03/2018 | 30/09/2013 | Monograph ( Printed materials) |